Statistics for Abbreviations quiz

Click here to take the quiz!

General Stats

  • This quiz has been taken 15 times
  • The average score is 3 of 20

Answer Stats

HintAnswer% Correct
CIA (US)Central Intelligence Agency
67%
CDcompact disc
58%
BBC (UK)British Broadcasting Corporation
42%
CEOchief executive officer
42%
RAF (UK)Royal Air Force
25%
BNP (UK)British National Party
17%
DA (US)District Attorney
17%
GSCE (UK)General Certificate of Secondary Education
17%
AP (US)Associated Press
8%
EECEuropean Economic Community
8%
NAACP (US)National Association for the Advancement of Colored People
8%
NSC (US)National Security Council
8%
AIDSacquired immune deficiency syndrome
0%
CORE (US)Congress Of Racial Equality
0%
CID (UK)Criminal Investigation Department
0%
DVDdigital versatile disc
0%
FCO (UK)Foreign and Commonwealth Office
0%
FO (UK)Foreign Office
0%
MC (US)Member of Congress
0%
NSPCC (UK)National Society for the Prevention of Cruelty to Children
0%

Score Distribution

Percentile by Number Answered

Percent of People with Each Score

Your Score History

You have not taken this quiz